000 01186cam a2200265 4500
001 WB4015-14
008 040420n2004 000 0 eng u
035 _a(Sirsi) u125889
245 _aMarket on the march again
260 _c2004
490 _aRICS Press Release
_v(pr037) 20 April 2004 (2)
520 _aThe latest "RICS housing market survey England and Wales" shows the housing market continued its strong performance last month, with national house price inflation reported at its highest rate since October 2002. 45% more surveyors reported a rise in prices in March than a fall, up from 39% in February. Price rises were especially strong in Yorkshire, northwest England and Wales. The rest of England is also picking up. London residential propery price inflation is at its strongest since June 2002. RICS press release
590 _aWB
590 _aWB
650 _aHOUSE PRICE INFLATION
650 _aHOUSE PRICES
650 _aRICS HOUSING MARKET SURVEY ENGLAND AND WALES
650 _aYORKSHIRE
650 _aNORTHWEST ENGLAND
650 _aWALES
650 _aLONDON
650 _aHOUSING SHORTAGE
690 _aHOUSING-HOUSE PRICES
942 _n0
999 _c117220
_d117220